000 00654nam a2200193Ia 4500
003 GCL
005 20240530103728.0
008 140319s9999 xx 000 0 ara d
040 _aGCL /
_cGCL
082 0 4 _a159
_bع ع
100 1 _aعبدالرحمن عيسوى
245 1 0 _aعلم النفس الاسرى :
_bوفقا للتصور الاسلامى والعلمى /
_cعبدالرحمن عيسوى
260 _aالقاهرة :
_bدار النهضة العربية ،
_c1993
300 _a331 ص؛
_c24 سم
650 0 4 _aالاسرة
650 0 4 _aعلم النفس الاجتماعى
650 0 4 _aالارشاد النفسى
942 _2ddc
_cBK
999 _c42005
_d42005